00622nam a22001817a 4500003000500000005001700005008004100022020002100063082002000084100002600104245009700130260004500227300002200272563001400294942001200308999001900320952010100339NUST20260417161324.0260417b ||||| |||| 00| 0 eng d a 978-0716731511  a551.220973bGIE aKerry E. Sieh9134202 aThe Earth in Turmoil: Earthquakes, Volcanoes, and Their Impact on Humankind /cKerry E. Sieh aNew York:bW. H. Freeman Company,c1998. a324 p ;c28.00 cm aPaperback 2ddccBK c617174d617174 00102ddc4070aIGISbIGISd2026-04-17l0o551.220973 GIEpIGIS-390r2026-04-17w2026-04-17yBK